| 000 | 01230nam a2200337 a 4500 | ||
|---|---|---|---|
| 001 | 000109176 | ||
| 003 | CHAP | ||
| 005 | 20220329144040.0 | ||
| 008 | 140408s2013 mx a sm |||||||spa d | ||
| 010 | _a105638 | ||
| 011 | _a106610 | ||
| 040 | _cCHAP | ||
| 090 | _aTesis | ||
| 100 | 1 |
_aRevilla González, Ursula Salome _9126331 |
|
| 245 | 1 | 0 |
_aHongos Ophiostomatales asociados a Dendroctonus mexicanus en Pinus leiophylla _h[En línea] _cpor Ursula Salome Revilla González. |
| 260 |
_aChapingo, Méx. : _bEl autor, _c2013. |
||
| 500 | _aPara ver el contenido del material haga clic en la liga | ||
| 502 | _aTesis (Ing. Agr. Esp. en Restauración Forestal) -- UACH. División de Ciencias Forestales | ||
| 590 |
_aBATCH-UPD _b05 _c20141002 _lUCH01 _h0900 |
||
| 590 |
_aE5652GLJ _b05 _c20140408 _lUCH01 _h1204 |
||
| 590 |
_aE5652GLJ _b05 _c20140408 _lUCH01 _h1204 |
||
| 590 |
_aE5652GLJ _b05 _c20140408 _lUCH01 _h1327 |
||
| 590 |
_aE5652GLJ _b05 _c20141029 _lUCH01 _h1326 |
||
| 650 | 1 | 4 |
_aBosques _xPlagas. _914363 |
| 650 | 1 | 4 |
_aHongos _xIdentificación. _956105 |
| 650 | 1 | 4 |
_aPinus leiophylla. _988346 |
| 856 |
_aFinding aid _uhttp://10.13.5.2/tesis/sist109176.pdf _zTeclea aquí |
||
| 901 | _aBK | ||
| 942 | _cTESIS | ||
| 942 | _n0 | ||
| 999 |
_c105638 _d105638 |
||